Mal's African Closest Capitals Hopscotch - Statistics

General Stats
  • This quiz has been taken 520 times
    267 since last reset
  • The average score is 45 of 53
Answer Stats
Hint Answer % Correct
925 - Z Harare
95%
554 - K Nairobi
93%
559 - D Djibouti
92%
148 - M Maputo
92%
891 - T Dodoma
91%
942 - SS Juba
91%
504 - U Kampala
91%
398 - Z Lusaka
91%
915 - E Addis Ababa
90%
688 - S Khartoum
90%
376 - R Kigali
90%
7 - C /DR Kinshasa
90%
171 - G Accra
89%
331 - GB Bissau
89%
164 - S Dakar
89%
360 - SL Freetown
89%
614 - L Monrovia
89%
894 - N Abuja
88%
636 - A Algiers
88%
616 - E Asmara
88%
1079 - C /R Brazzaville
88%
Cape Town - 1000 L Maseru
88%
513 - T Tunis
88%
549 - A Luanda
87%
489 - E Mbabane
87%
948 - M Rabat
87%
1742 - L Tripoli
87%
686 - B Gaborone
86%
160 - T Lome
85%
1928 - C N'Djamena
85%
3140 - E Cairo
84%
415 - N Niamey
84%
704 - BF Ouagadougou
84%
1575 - N Windhoek
84%
125 - G Conakry
83%
612 - M Lilongwe
83%
305 - C Yaounde
83%
174 - B Gitega
82%
608 - B Porto Novo
82%
303 - ST Sao Tome
82%
1345 - S Mogadishu
81%
579 - IC Yamoussoukro
81%
2083 - M Antananarivo
80%
1696 - M Bamako
80%
448 - G Libreville
80%
877 - CV Praia
80%
206 - G Banjul
79%
1734 - S Victoria
79%
2987 - CAR Bangui
77%
1305 - EG Malabo
77%
408 - M Nouakchott
77%
921 - M Port Louis
75%
3028 - C Moroni
73%
No matching quizzes found
Score Distribution
Percent of People with Each Score
Percentile by Number Answered
Your Score History
You have not taken this quiz since the last reset